000 01050nam0a22002531 4500
001 rc\3468618
005 20260407012832.0
021 _aRU
_bРг11264-73
021 _aRU
_b73-ОЭ-3069/12
035 _a(NLR Aleph) 007890352
090 _a7974122
_c7974122
100 _a20130115d1972 |||y0rusy50 ca
101 0 _arus
102 _aRU
105 _ay z |||||
200 1 _aО работе народных университетов здоровья для молодежи
_e(Метод. письмо в помощь организаторам и преподавателям нар. ун-тов здоровья для молодежи)
_fГор. дом сан. просвещения
210 _aЛенинград
_cБ. и.
_d1972
215 _a1 л., слож. в 6 с.
_d21
712 0 2 _aЛенинградский городской дом санитарного просвещения
_3RU\NLR\AUTH\8810000733
_9498641
801 0 _aRU
_bNLR
_gpsbo
801 1 _aRU
_bELAR
_2rusmarc
852 _aNLR
_j73-4/21364
942 _cBOOK
980 _aNB